Vektor naučnoj mysli naučnyj žurnal
Gespeichert in:
| Format: | Schriftenreihe |
|---|---|
| Sprache: | Russisch Englisch |
| Veröffentlicht: |
Petrohrad
Vydavateľstvo Lomonosovovho medzinárodného inštitútu pre pokročilé štúdiá
|
| Tags: |
Keine Tags, Fügen Sie das erste Tag hinzu!
|
MARC
| LEADER | 00000nls a2200000 4500 | ||
|---|---|---|---|
| 001 | 0297952 | ||
| 005 | 20260205092505.6 | ||
| 022 | |a 2949-2041 | ||
| 041 | 0 | |a rus | |
| 041 | 0 | |a eng | |
| 044 | |a RU | ||
| 245 | 1 | 0 | |a Vektor naučnoj mysli |b naučnyj žurnal |
| 264 | 1 | |a Petrohrad |b Vydavateľstvo Lomonosovovho medzinárodného inštitútu pre pokročilé štúdiá | |